[Event "Kaluga Tsiolkovsky Memorial op"]
[Site "Kaluga"]
[Date "2016.08.11"]
[Round "6"]
[White "Shumovsky, Nikolay"]
[Black "Meshkov, Vladimir I"]
[Result "0-1"]
[WhiteElo "1907"]
[BlackElo "2123"]
[PlyCount "74"]
[EventDate "2016.08.06"]
[EventType "swiss"]
[EventRounds "9"]
[EventCountry "RUS"]
[SourceTitle "CBM 174 Extra"]
[Source "ChessBase"]
[SourceDate "2016.10.10"]
[SourceVersion "1"]
[SourceVersionDate "2016.10.10"]
[SourceQuality "1"]

1. d4 d5 2. Nf3 Nf6 3. c4 e6 4. e3 Be7 5. Nbd2 0-0 6. Bd3 c5 7. 0-0 Nc6 8. a3 b6 9. b3 cxd4 10. exd4 Bb7 11. Bb2 Rc8 12. Re1 g6 13. Rc1 dxc4 14. bxc4 Re8 15. Bb1 Bf8 16. Qe2 Bg7 17. Rcd1 Qc7 18. Ne5 Na5 19. Ba2 Nd7 20. Ng4 Red8 21. Ne3 Nc5 22. Nc2 Ba6 23. Ba1 Na4 24. Nb4 Bxc4 25. Nxc4 Nxc4 26. Na6 Qc6 27. d5 exd5 28. Bxg7 Kxg7 29. Nb4 Qc5 30. Bxc4 dxc4 31. Qc2 b5 32. Qc1 Rxd1 33. Rxd1 c3 34. h3 a5 35. Nd3 Qf5 36. Ne1 b4 37. Rd4 b3 0-1